[Event "DEM U10/U10w 2013"]
[Site "Oberhof GER"]
[Date "2013.05.25"]
[Round "11"]
[White "Brückner, Alexander"]
[Black "Ruppert, Paula"]
[Result "0-1"]
[Termination "normal"]
[Board "24"]
[WhiteElo "1334"]
[BlackElo "989"]
[PlyCount "134"]
[WhiteFideId "12952613"]
[BlackFideId "12979996"]
[EventCountry "GER"]
[EventRounds "11"]
[EventType "swiss"]
[EventDate "2013.05.18"]

1. e4 d5 2. exd5 Qxd5 3. Nc3 Qa5 4. d4 Nf6 5. Bc4 Bg4 6. Qd3 Nc6 7. Bd2 Qb6 8.
Bb5 O-O-O 9. Bxc6 Qxc6 10. f3 Bh5 11. Be3 e5 12. Qf5+ Qd7 13. Qxd7+ Nxd7 14.
dxe5 Nxe5 15. Bxa7 b6 16. Bxb6 cxb6 17. Nge2 Bc5 18. a4 Rhe8 19. a5 bxa5 20.
Rxa5 Bb4 21. Rb5 Bxc3+ 22. bxc3 Bg6 23. O-O Nxf3+ 24. Kf2 Nxh2 25. Rfb1 Ng4+
26. Kf3 Ne5+ 27. Kf2 Bxc2 28. Rb8+ Kc7 29. R8b7+ Kc8 30. Rb8+ Kd7 31. R8b7+ Ke6
32. R1b6+ Kd5 33. Rb5+ Ke4 34. Ng3+ Kd3 35. Nf5 Ng4+ 36. Kf3 Bd1+ 37. Kg3 g6
38. Nh4 Re3+ 39. Nf3 Bxf3 40. gxf3 Nh6 41. Kf4 Nf5 42. Rxf7 Nd6 43. Rd5+ Ke2
44. Rxh7 Rxf3+ 45. Kg4 Rf2 46. Re5+ Kf1 47. Kg3 Rg2+ 48. Kh3 Rf8 49. Re3 Nc4
50. Rd3 g5 51. Rg3 Rxg3+ 52. Kxg3 Ke2 53. Rg7 Nd6 54. Rxg5 Ne4+ 55. Kg4 Nxg5
56. Kxg5 Ke3 57. Kg6 Ke4 58. Kg7 Rf1 59. Kg6 Ke5 60. c4 Rc1 61. c5 Rxc5 62. Kf7
Rc6 63. Kg7 Kf5 64. Kh7 Kg5 65. Kh8 Rc7 66. Kg8 Kf6 67. Kh8 Kg6 0-1

[Event "DEM U10/U10w 2013"]
[Site "Oberhof GER"]
[Date "2013.05.25"]
[Round "11"]
[White "Guckes, Simon"]
[Black "Richardt, Josia"]
[Result "1/2-1/2"]
[Termination "normal"]
[Board "25"]
[WhiteElo "1122"]
[BlackElo "1205"]
[PlyCount "51"]
[WhiteFideId "12944955"]
[BlackFideId "16217594"]
[EventCountry "GER"]
[EventRounds "11"]
[EventType "swiss"]
[EventDate "2013.05.18"]

1. c4 e5 2. Nc3 Nc6 3. g3 Nf6 4. Bg2 Bb4 5. a3 Bxc3 6. bxc3 d6 7. d3 Be6 8. Bg5
h6 9. Bxf6 Qxf6 10. Nf3 O-O 11. O-O Rab8 12. Qd2 Ne7 13. Rad1 Ng6 14. Qe3 c5
15. d4 exd4 16. cxd4 b6 17. d5 Bd7 18. Qb3 Rfe8 19. Rfe1 Ne5 20. Nxe5 Rxe5 21.
Qc3 Rbe8 22. e3 Bf5 23. f4 R5e7 24. Qxf6 gxf6 25. Kf2 Kg7 26. h3 1/2-1/2

[Event "DEM U10/U10w 2013"]
[Site "Oberhof GER"]
[Date "2013.05.25"]
[Round "11"]
[White "Hommel, Niclas"]
[Black "Grabbel, Lennart Christian"]
[Result "1-0"]
[Termination "normal"]
[Board "26"]
[WhiteElo "1197"]
[BlackElo "893"]
[PlyCount "145"]
[WhiteFideId "12974927"]
[BlackFideId "16201620"]
[EventCountry "GER"]
[EventRounds "11"]
[EventType "swiss"]
[EventDate "2013.05.18"]

1. e4 e5 2. Nf3 Nc6 3. Bb5 a6 4. Ba4 Nf6 5. O-O b5 6. Bb3 Be7 7. Re1 O-O 8. c3
Na5 9. Nxe5 Nxb3 10. Qxb3 d6 11. Nf3 Bb7 12. d3 c5 13. Qc2 Re8 14. Nbd2 Qd7 15.
Nf1 Bf8 16. Ng3 g6 17. Bf4 Bg7 18. Rad1 Re7 19. Re2 Rae8 20. Rde1 d5 21. e5 Ng4
22. d4 cxd4 23. cxd4 Rc8 24. Qd2 g5 25. Bxg5 Re6 26. Be3 Nxe3 27. Qxe3 a5 28.
Qd3 Ba6 29. Qd1 b4 30. Rc2 Rec6 31. Rxc6 Rxc6 32. h3 Bh6 33. Qa4 Qc7 34. Nf5
Re6 35. Nxh6+ Rxh6 36. Qe8+ Kg7 37. Qa4 Kg8 38. Qd1 Bb5 39. Qd2 Rg6 40. Kh2 Kg7
41. Qe3 Qd7 42. Nd2 Ba4 43. b3 Bb5 44. g4 h6 45. Rg1 Qd8 46. Nf3 Kh7 47. Kg3
Bd7 48. Qf4 Qe7 49. Nh4 Rg5 50. Ng2 Bb5 51. Ne3 Qd8 52. Qxf7+ Rg7 53. Qxd5 Qxd5
54. Nxd5 Kh8 55. Nf6 Rc7 56. Kh4 Kg7 57. Ne4 Bd3 58. Nc5 Rc8 59. Nxd3 Rc2 60.
Nc1 Rxf2 61. Rd1 Kf7 62. Kg3 Rc2 63. Kh4 Rh2 64. d5 Ke7 65. d6+ Kd7 66. e6+ Kd8
67. e7+ Kd7 68. Re1 Kxd6 69. e8=Q Kd5 70. Rd1+ Kc5 71. Qc8+ Kb6 72. Rd6+ Kb5
73. Qc4# 1-0

[Event "DEM U10/U10w 2013"]
[Site "Oberhof GER"]
[Date "2013.05.25"]
[Round "11"]
[White "Kukulina, Sonja"]
[Black "Truong, Lisa"]
[Result "1-0"]
[Termination "normal"]
[Board "27"]
[WhiteElo "1184"]
[BlackElo "793"]
[PlyCount "111"]
[WhiteFideId "12977047"]
[BlackFideId "12983462"]
[EventCountry "GER"]
[EventRounds "11"]
[EventType "swiss"]
[EventDate "2013.05.18"]

1. e4 e5 2. Nf3 Nc6 3. Bc4 Be7 4. c3 Nf6 5. Qe2 d6 6. d4 O-O 7. O-O Bg4 8. Qe3
Bxf3 9. gxf3 Nh5 10. Kh1 Nf4 11. Qe1 Bg5 12. Rg1 Nh3 13. Bxg5 Nxg5 14. Qe3 Nh3
15. Rg3 Nf4 16. Nd2 Qf6 17. Rag1 g6 18. d5 Nd8 19. Bf1 Kg7 20. Bh3 Nxh3 21.
Rxh3 Qf4 22. Qxf4 exf4 23. Rh4 c6 24. dxc6 Nxc6 25. Rxf4 Ne5 26. Rf5 Rae8 27.
f4 Nd3 28. Rb5 Nxf2+ 29. Kg2 Nxe4 30. Nxe4 Rxe4 31. Rxb7 Rxf4 32. Rxa7 Rg4+ 33.
Kf2 Rxg1 34. Kxg1 Rb8 35. b4 Kf6 36. a4 Ke6 37. Kf2 Rc8 38. b5 Rxc3 39. b6 Rb3
40. b7 Kd5 41. a5 Kc6 42. a6 Kc7 43. Ra8 d5 44. Rc8+ Kd7 45. b8=Q Rxb8 46. Rxb8
Kc7 47. a7 d4 48. a8=Q d3 49. Rc8+ Kd6 50. Rd8+ Kc7 51. Rxd3 f5 52. Qa5+ Kc6
53. Qc3+ Kb5 54. Qc2 Kb4 55. Rb3+ Ka4 56. Qa2# 1-0

[Event "DEM U10/U10w 2013"]
[Site "Oberhof GER"]
[Date "2013.05.25"]
[Round "11"]
[White "Berelowitsch, Dana"]
[Black "Schnabel, Luise"]
[Result "1-0"]
[Termination "normal"]
[Board "28"]
[WhiteElo "981"]
[BlackElo "1417"]
[PlyCount "131"]
[WhiteFideId "12977144"]
[BlackFideId "12943347"]
[EventCountry "GER"]
[EventRounds "11"]
[EventType "swiss"]
[EventDate "2013.05.18"]

1. e4 e5 2. Nf3 Nc6 3. Bb5 a6 4. Bxc6 dxc6 5. d4 exd4 6. Qxd4 Qxd4 7. Nxd4 Nf6
8. f3 Bc5 9. Ne2 Be6 10. Nbc3 O-O-O 11. Bd2 Kb8 12. O-O-O Rhg8 13. Bg5 Rxd1+
14. Rxd1 Bc4 15. a3 h6 16. Bh4 g5 17. Bg3 Be3+ 18. Kb1 c5 19. Be5 Nh5 20. Rd7
g4 21. f4 g3 22. h3 Rc8 23. f5 Bf2 24. b3 Bxe2 25. Nxe2 f6 26. Bc3 Re8 27. Bd2
Rxe4 28. Nc3 Re5 29. Rd5 Bd4 30. Rxe5 Bxe5 31. Ne2 Ng7 32. Bxh6 Nxf5 33. Bf8 b6
34. Kc1 Ne3 35. h4 Nxg2 36. h5 f5 37. h6 f4 38. Bg7 Nh4 39. Bxe5 Ng6 40. h7 g2
41. Bxf4 Kc8 42. Kd1 Kd7 43. Ke1 Ke8 44. Be5 Kf7 45. Kf2 Ke6 46. Bc3 Kf7 47.
Kxg2 b5 48. Kf3 a5 49. Ke4 b4 50. axb4 cxb4 51. Bb2 c5 52. Kd5 a4 53. bxa4 Ke7
54. Kxc5 Kd8 55. Kxb4 Kc7 56. Kb5 Kb7 57. a5 Ka7 58. a6 Kb8 59. Kb6 Ka8 60. a7
Nh8 61. c4 Ng6 62. c5 Nh8 63. c6 Nf7 64. c7 Nd6 65. h8=Q+ Nc8+ 66. Qxc8# 1-0

[Event "DEM U10/U10w 2013"]
[Site "Oberhof GER"]
[Date "2013.05.25"]
[Round "11"]
[White "Kublanov, Elizabeth"]
[Black "Bierfreund, Trine Maja"]
[Result "1-0"]
[Termination "normal"]
[Board "29"]
[WhiteElo "1103"]
[BlackElo "1341"]
[PlyCount "113"]
[WhiteFideId "12944564"]
[BlackFideId "12957372"]
[EventCountry "GER"]
[EventRounds "11"]
[EventType "swiss"]
[EventDate "2013.05.18"]

1. e4 e5 2. Nf3 Nc6 3. Bc4 Nf6 4. d4 exd4 5. e5 d5 6. Bb5 Ne4 7. O-O Bc5 8.
Nxd4 Bxd4 9. Qxd4 O-O 10. Bxc6 bxc6 11. b3 Re8 12. Nc3 c5 13. Qxd5 Qxd5 14.
Nxd5 Rxe5 15. Rd1 h6 16. Nxc7 Nc3 17. Bb2 Nxd1 18. Bxe5 Rb8 19. Rxd1 Bf5 20.
Nd5 Re8 21. Bd6 Kh8 22. h3 Bxc2 23. Rd2 Re1+ 24. Kh2 Rd1 25. Rxd1 Bxd1 26. Bxc5
a6 27. Ne3 Be2 28. Nc4 g5 29. Be3 Kg7 30. f4 gxf4 31. Bxf4 f5 32. Kg3 Kg6 33.
Kf2 Bd3 34. Ne5+ Kg7 35. Nxd3 h5 36. a4 Kf6 37. b4 Ke6 38. b5 axb5 39. axb5 Kd7
40. b6 Kc6 41. Be3 Kb7 42. Ne5 Ka6 43. Kf3 Kb7 44. Kf4 Ka6 45. Kxf5 Kb7 46. g4
hxg4 47. hxg4 Kc8 48. g5 Kd8 49. g6 Kc8 50. g7 Kb7 51. Ke6 Ka6 52. Kd7 Kb7 53.
g8=Q Ka6 54. Qc4+ Kb7 55. Qc6+ Ka6 56. b7+ Ka5 57. Bd2# 1-0

[Event "DEM U10/U10w 2013"]
[Site "Oberhof GER"]
[Date "2013.05.25"]
[Round "11"]
[White "Koll, Linus"]
[Black "Wurst, Benedikt"]
[Result "1-0"]
[Termination "normal"]
[Board "30"]
[WhiteElo "1208"]
[BlackElo "1139"]
[PlyCount "79"]
[WhiteFideId "12990299"]
[BlackFideId "12991791"]
[EventCountry "GER"]
[EventRounds "11"]
[EventType "swiss"]
[EventDate "2013.05.18"]

1. e4 e5 2. Nf3 Nc6 3. Bc4 Bc5 4. Nc3 Nf6 5. d3 h6 6. Be3 Bb6 7. Qd2 d6 8. h3
Be6 9. Bb3 a6 10. Bxb6 cxb6 11. Rd1 O-O 12. O-O Nd4 13. Nh2 Nxb3 14. axb3 Rc8
15. f4 exf4 16. Qxf4 d5 17. exd5 Nxd5 18. Nxd5 Qxd5 19. c4 Qc5+ 20. Kh1 Qb4 21.
Qe5 Qxb3 22. Rd2 Qb4 23. Rdf2 Qc5 24. Qf4 Qc7 25. Qe3 Qc6 26. Rf3 Rce8 27. Qf4
b5 28. cxb5 Qxb5 29. Qd4 Rd8 30. Qc3 Bd5 31. Rg3 g6 32. Ng4 Kh7 33. Nf6+ Kh8
34. Nd7+ Kh7 35. Nxf8+ Rxf8 36. Qa3 Kg7 37. Rxg6+ Kxg6 38. Qxf8 Qxd3 39. Qg8+
Kh5 40. Qg4# 1-0

[Event "DEM U10/U10w 2013"]
[Site "Oberhof GER"]
[Date "2013.05.25"]
[Round "11"]
[White "Bünte, Kirsten"]
[Black "Brunner, Sophia"]
[Result "1-0"]
[Termination "normal"]
[Board "31"]
[WhiteElo "1182"]
[BlackElo "1054"]
[PlyCount "85"]
[WhiteFideId "16200535"]
[BlackFideId "12960683"]
[EventCountry "GER"]
[EventRounds "11"]
[EventType "swiss"]
[EventDate "2013.05.18"]

1. e4 d5 2. exd5 Qxd5 3. Nc3 Qa5 4. Nf3 Bg4 5. b4 Qf5 6. Be2 Qd7 7. O-O Nf6 8.
Ne5 Bxe2 9. Qxe2 Qe6 10. d4 Nbd7 11. Qb5 Qb6 12. Bg5 a6 13. Qxb6 cxb6 14. Rfe1
Rc8 15. Re3 Nxe5 16. dxe5 Nd7 17. f4 e6 18. a3 a5 19. Rb1 f5 20. Rb2 g6 21. Kh1
h6 22. Bh4 axb4 23. axb4 Ra8 24. h3 Be7 25. Bxe7 Kxe7 26. Nb5 Rhc8 27. Nd6 Rc7
28. Rg3 Rg8 29. c4 g5 30. Ra2 Kf8 31. fxg5 Nxe5 32. Rc2 Ke7 33. c5 Rxg5 34.
Rxg5 hxg5 35. Kh2 Nd7 36. Re2 bxc5 37. Nxf5+ Kf6 38. Ne3 c4 39. Ng4+ Ke7 40.
Ne3 c3 41. Nd5+ Kd6 42. Nxc7 Kxc7 43. Rc2 1-0

[Event "DEM U10/U10w 2013"]
[Site "Oberhof GER"]
[Date "2013.05.25"]
[Round "11"]
[White "Ewerhardy, Moritz"]
[Black "Hinrichs, Paul"]
[Result "0-1"]
[Termination "normal"]
[Board "32"]
[WhiteElo "1019"]
[BlackElo "1177"]
[PlyCount "128"]
[WhiteFideId "36052086"]
[BlackFideId "12942545"]
[EventCountry "GER"]
[EventRounds "11"]
[EventType "swiss"]
[EventDate "2013.05.18"]

1. e4 e5 2. Nf3 Nc6 3. Bc4 Bc5 4. Nc3 d6 5. d3 Bg4 6. h3 Bh5 7. g4 Bg6 8. Be3
Bb6 9. Qd2 Bxe3 10. fxe3 a6 11. Bd5 Nge7 12. Bb3 Na5 13. Bd5 c6 14. Bb3 Nxb3
15. axb3 h5 16. Qg2 hxg4 17. hxg4 Rxh1+ 18. Qxh1 Kd7 19. Ne2 Qh8 20. Kd2 f6 21.
c4 Bf7 22. Nc3 Ng6 23. Na4 Kc7 24. Nc3 Qxh1 25. Rxh1 Rh8 26. Rxh8 Nxh8 27. Na4
Be6 28. Nh2 Nf7 29. Ke2 b5 30. Nc3 Kb6 31. Na2 a5 32. Nc3 bxc4 33. bxc4 Nh6 34.
Kf3 Kc5 35. Kg3 Kb4 36. Nd1 Kb3 37. g5 fxg5 38. Kf2 Kc2 39. Ke2 g4 40. Nf1 g3
41. Nxg3 Bg4+ 42. Kf2 Bxd1 43. d4 exd4 44. exd4 Kxb2 45. d5 cxd5 46. exd5 a4
47. c5 a3 48. c6 a2 49. c7 Bg4 50. Ne4 Nf7 51. Nd2 a1=Q 52. Nc4+ Kc3 53. Ne3
Qb2+ 54. Kg3 Bc8 55. Nd1+ Kb3 56. Nxb2 Kxb2 57. Kf4 g5+ 58. Kg3 Kc3 59. Kh2 Kd2
60. Kg2 Ke2 61. Kg1 g4 62. Kg2 Ne5 63. Kg1 Kf3 64. Kf1 g3 0-1

[Event "DEM U10/U10w 2013"]
[Site "Oberhof GER"]
[Date "2013.05.25"]
[Round "11"]
[White "Ziegenfuß, Antonia"]
[Black "Glinzner, Alva"]
[Result "1-0"]
[Termination "normal"]
[Board "34"]
[WhiteElo "1064"]
[BlackElo "974"]
[PlyCount "69"]
[WhiteFideId "12962554"]
[BlackFideId "16206169"]
[EventCountry "GER"]
[EventRounds "11"]
[EventType "swiss"]
[EventDate "2013.05.18"]

1. e4 c6 2. d4 d5 3. e5 Bf5 4. g3 e6 5. Bg2 Nd7 6. Nc3 Bb4 7. Bd2 f6 8. f4 Ne7
9. Nf3 O-O 10. O-O Bg4 11. h3 Bh5 12. g4 Bg6 13. a3 Ba5 14. Ne2 Bb6 15. Ng3 c5
16. c3 Rc8 17. Be3 c4 18. Nh4 fxe5 19. fxe5 Nxe5 20. dxe5 Bxe3+ 21. Kh1 Bf4 22.
Ne2 Bxe5 23. Qd2 Bb8 24. Nf3 Qc7 25. Ned4 Qd6 26. Rae1 Rf6 27. g5 Rf7 28. Rxe6
Qc7 29. Qe3 Rcf8 30. Rf2 Nc6 31. Ne2 Rxf3 32. Bxf3 Rxf3 33. Qxf3 Bf7 34. Re8+
Bxe8 35. Qf8# 1-0

[Event "DEM U10/U10w 2013"]
[Site "Oberhof GER"]
[Date "2013.05.25"]
[Round "11"]
[White "Hommer, Jeremy"]
[Black "Silber, Fabian"]
[Result "1-0"]
[Termination "normal"]
[Board "35"]
[WhiteElo "994"]
[BlackElo "1058"]
[PlyCount "105"]
[WhiteFideId "12992577"]
[BlackFideId "12947288"]
[EventCountry "GER"]
[EventRounds "11"]
[EventType "swiss"]
[EventDate "2013.05.18"]

1. d4 d5 2. c4 Nf6 3. cxd5 Nxd5 4. e4 Nf6 5. Nc3 e6 6. Bc4 Bb4 7. Nge2 O-O 8.
Be3 Nbd7 9. O-O b6 10. Qc2 Re8 11. Bg5 h6 12. Bh4 e5 13. d5 Bb7 14. a3 Be7 15.
Rad1 a5 16. Bg3 Bc5 17. h3 c6 18. Rd3 cxd5 19. Bxd5 Bxd5 20. exd5 Nh5 21. Bh2
Bd6 22. Ne4 Bb8 23. Rc3 Ba7 24. Rc1 Nc5 25. Nxc5 bxc5 26. Qd2 g5 27. Ng3 Nf4
28. Ne4 Nxd5 29. Rd3 Qc7 30. Rxd5 Qc6 31. Qd3 Bb6 32. Rd6 Qb7 33. Nf6+ Kf8 34.
Nxe8 Kxe8 35. Qb5+ Kf8 36. Qxb6 Qxb6 37. Rxb6 Kg7 38. Bxe5+ Kg8 39. Rb8+ Rxb8
40. Bxb8 Kg7 41. Be5+ f6 42. Rxc5 fxe5 43. Rxe5 Kg6 44. g4 h5 45. gxh5+ Kxh5
46. Rxa5 Kh4 47. Rxg5 Kxg5 48. a4 Kh4 49. a5 Kxh3 50. a6 Kg4 51. a7 Kf5 52.
a8=Q Ke5 53. Qa4 1-0

[Event "DEM U10/U10w 2013"]
[Site "Oberhof GER"]
[Date "2013.05.25"]
[Round "11"]
[White "Schilay, Maria"]
[Black "Astner, Sebastian"]
[Result "0-1"]
[Termination "normal"]
[Board "36"]
[WhiteElo "1048"]
[BlackElo "886"]
[PlyCount "34"]
[WhiteFideId "12942979"]
[BlackFideId "12979422"]
[EventCountry "GER"]
[EventRounds "11"]
[EventType "swiss"]
[EventDate "2013.05.18"]

1. e4 c5 2. Nc3 d6 3. g3 Nf6 4. Bg2 g6 5. d3 Bg7 6. Be3 O-O 7. h3 Nbd7 8. Qd2
Ne5 9. O-O-O Qb6 10. f4 Nc6 11. Nf3 Ne8 12. h4 Nb4 13. h5 Nxa2+ 14. Kb1 Nxc3+
15. Qxc3 Bxc3 16. b3 Qa5 17. hxg6 Qa1# 0-1

[Event "DEM U10/U10w 2013"]
[Site "Oberhof GER"]
[Date "2013.05.25"]
[Round "11"]
[White "Gazizov, Max"]
[Black "Hartmann, Katrin"]
[Result "1-0"]
[Termination "normal"]
[Board "37"]
[WhiteElo "1042"]
[BlackElo "975"]
[PlyCount "67"]
[WhiteFideId "12951323"]
[BlackFideId "16200632"]
[EventCountry "GER"]
[EventRounds "11"]
[EventType "swiss"]
[EventDate "2013.05.18"]

1. d4 d5 2. c4 dxc4 3. e3 Nf6 4. Bxc4 Bf5 5. Nf3 e6 6. Nc3 Bd6 7. O-O Nc6 8.
Re1 Bg6 9. Bd2 O-O 10. Rc1 Na5 11. Qe2 Nxc4 12. Qxc4 c6 13. e4 Bc7 14. Bg5 h6
15. Bh4 Qd7 16. Bxf6 gxf6 17. Rcd1 Qd6 18. e5 fxe5 19. dxe5 Qe7 20. Rd2 Kh7 21.
Red1 Rg8 22. Rd7 Qf8 23. Rxc7 Qg7 24. Ne2 Bf5 25. Ng3 Rad8 26. Rdd7 Rxd7 27.
Rxd7 Bg4 28. Qe4+ Kh8 29. Qf4 Bxf3 30. gxf3 Qg6 31. Qxf7 Qb1+ 32. Kg2 c5 33.
Qf6+ Rg7 34. Qxg7# 1-0

[Event "DEM U10/U10w 2013"]
[Site "Oberhof GER"]
[Date "2013.05.25"]
[Round "11"]
[White "Brunkardt, Elena"]
[Black "Eulitz, Charlotte"]
[Result "1/2-1/2"]
[Termination "normal"]
[Board "38"]
[WhiteElo "1010"]
[BlackElo "1009"]
[PlyCount "96"]
[WhiteFideId "16208838"]
[BlackFideId "12964654"]
[EventCountry "GER"]
[EventRounds "11"]
[EventType "swiss"]
[EventDate "2013.05.18"]

1. e4 e5 2. Nf3 Nc6 3. Bb5 a6 4. Ba4 Nf6 5. c3 b5 6. Bb3 Bc5 7. O-O d6 8. d4
exd4 9. cxd4 Bb6 10. Bg5 O-O 11. e5 dxe5 12. dxe5 Qxd1 13. Rxd1 Ng4 14. Bd5 Bb7
15. e6 fxe6 16. Bxe6+ Kh8 17. Bxg4 Nb4 18. Nc3 h6 19. Be7 Rfe8 20. Bxb4 a5 21.
Bh5 Re6 22. Nxb5 axb4 23. Rd3 Bxf3 24. Rxf3 Re5 25. Nxc7 Bxc7 26. g4 Rd8 27.
Bg6 Re2 28. Kg2 Rxb2 29. Rd1 Rb8 30. Rd7 Ba5 31. Rff7 Rg8 32. Ra7 Rxa2 33. Rfb7
Rf8 34. Kg3 Raxf2 35. Rf7 R2xf7 36. Bxf7 Bb6 37. Rb7 Bc5 38. Kf3 Bd6 39. h3 b3
40. Ke2 b2 41. Ba2 Ba3 42. Kd2 Rf3 43. Bb1 Kg8 44. h4 Rf1 45. Kc2 Kh7 46. Ra7
Bc5 47. Kxb2+ Kg8 48. Ra5 Be7 1/2-1/2

[Event "DEM U10/U10w 2013"]
[Site "Oberhof GER"]
[Date "2013.05.25"]
[Round "11"]
[White "Pantsernaya, Sofya"]
[Black "Höfs, Cederik"]
[Result "1/2-1/2"]
[Termination "normal"]
[Board "39"]
[WhiteElo "1253"]
[BlackElo "915"]
[PlyCount "65"]
[WhiteFideId "12993182"]
[BlackFideId "16207653"]
[EventCountry "GER"]
[EventRounds "11"]
[EventType "swiss"]
[EventDate "2013.05.18"]

1. e4 e5 2. Nf3 Nc6 3. Bc4 Nf6 4. d3 Bc5 5. O-O O-O 6. h3 d6 7. Bg5 Be6 8. c3
Re8 9. a4 a5 10. Nbd2 Rc8 11. Re1 h6 12. Bh4 Qe7 13. Nf1 Rcd8 14. d4 Bxc4 15.
dxc5 dxc5 16. Qc2 Rd7 17. Rad1 Red8 18. Rxd7 Rxd7 19. Rd1 Nb8 20. Ne3 Rxd1+ 21.
Qxd1 Be6 22. Nf5 Bxf5 23. exf5 e4 24. Nh2 Nbd7 25. Ng4 b6 26. Qe2 Qd6 27. Nxf6+
Nxf6 28. Bg3 Qd7 29. Qe3 Qxf5 30. Bxc7 Nd5 31. Qg3 Nxc7 32. Qxc7 Qe6 33. Qg3
1/2-1/2

[Event "DEM U10/U10w 2013"]
[Site "Oberhof GER"]
[Date "2013.05.25"]
[Round "11"]
[White "Müller, Marvin"]
[Black "Wachinger, Nikolas"]
[Result "0-1"]
[Termination "normal"]
[Board "40"]
[WhiteElo "774"]
[BlackElo "1007"]
[PlyCount "146"]
[WhiteFideId "16214528"]
[BlackFideId "12962791"]
[EventCountry "GER"]
[EventRounds "11"]
[EventType "swiss"]
[EventDate "2013.05.18"]

1. e4 c5 2. Nf3 Nc6 3. c3 d5 4. exd5 Qxd5 5. d4 Bg4 6. Be2 e6 7. Be3 cxd4 8.
cxd4 Nf6 9. Nc3 Qd6 10. O-O Be7 11. Qd2 O-O 12. Rad1 Rfd8 13. Rfe1 Rac8 14. h3
Bh5 15. a3 Qb8 16. Qd3 Bg6 17. Qc4 Nb4 18. Qb5 a6 19. Qb6 Rc6 20. Qa5 b6 21.
Qe5 Bd6 22. Qg5 h6 23. Qh4 Nc2 24. Bxa6 Nxe1 25. Rxe1 Bxa3 26. bxa3 Rxc3 27. a4
Qa8 28. Bb5 Qe4 29. Qxe4 Nxe4 30. Ne5 Nd6 31. Nc6 Rf8 32. Ne7+ Kh7 33. Be2 Ra3
34. Bd1 Nf5 35. Nxf5 Bxf5 36. Kh2 Re8 37. g4 e5 38. gxf5 exd4 39. Bd2 Rxe1 40.
Bxe1 Ra1 41. Bc2 Rxe1 42. f6+ g6 43. Kg3 Re6 44. Kg4 Rxf6 45. f4 Rd6 46. Bd3
f5+ 47. Kh4 Kg7 48. Kg3 Kf7 49. Kf3 Ke6 50. Ke2 Kd5 51. Bb5 Kc5 52. Kd3 Kb4 53.
Be8 g5 54. fxg5 hxg5 55. Bh5 g4 56. hxg4 fxg4 57. Ke4 g3 58. Kf3 d3 59. Kxg3 d2
60. Kf2 d1=Q 61. Be8 Qd3 62. Bb5 Qxb5 63. axb5 Rd3 64. Ke2 Kc3 65. Kf2 Kd4 66.
Ke2 Ke4 67. Kf2 Re3 68. Kg2 Rf3 69. Kg1 Ke3 70. Kg2 Ke2 71. Kg1 Rf2 72. Kh1 Kf3
73. Kg1 Kg3 0-1

[Event "DEM U10/U10w 2013"]
[Site "Oberhof GER"]
[Date "2013.05.25"]
[Round "11"]
[White "Schmidtmann, Kimberly"]
[Black "Kurzweil, Naemi"]
[Result "0-1"]
[Termination "normal"]
[Board "41"]
[WhiteElo "950"]
[BlackElo "980"]
[PlyCount "34"]
[WhiteFideId "12967106"]
[BlackFideId "12985708"]
[EventCountry "GER"]
[EventRounds "11"]
[EventType "swiss"]
[EventDate "2013.05.18"]

1. e4 e5 2. Nf3 Nc6 3. Bc4 Nf6 4. Ng5 d5 5. exd5 Na5 6. d3 Bc5 7. Nc3 Bf5 8. d6
Nxc4 9. dxc7 Qxc7 10. dxc4 Rd8 11. Nd5 Nxd5 12. cxd5 Qb6 13. O-O Qg6 14. Re1
Qf6 15. c4 Bg6 16. Qb3 Qxf2+ 17. Kh1 Qxe1# 0-1

[Event "DEM U10/U10w 2013"]
[Site "Oberhof GER"]
[Date "2013.05.25"]
[Round "11"]
[White "Pahl, Erik"]
[Black "Indilewitsch, Marie-Claire"]
[Result "1-0"]
[Termination "normal"]
[Board "42"]
[WhiteElo "880"]
[BlackElo "963"]
[PlyCount "33"]
[WhiteFideId "16201272"]
[EventCountry "GER"]
[EventRounds "11"]
[EventType "swiss"]
[EventDate "2013.05.18"]

1. e4 e5 2. Nc3 Nf6 3. f4 exf4 4. Nf3 Nc6 5. d4 d6 6. Bxf4 Be7 7. Bd3 O-O 8.
Qd2 d5 9. O-O-O Be6 10. Rhe1 Qd7 11. Kb1 Rfe8 12. a3 Rad8 13. e5 Ng4 14. h3 Nh6
15. Bxh6 gxh6 16. Qxh6 Bf8 17. Qxh7# 1-0

[Event "DEM U10/U10w 2013"]
[Site "Oberhof GER"]
[Date "2013.05.25"]
[Round "11"]
[White "Sinnhöfer, Lilian"]
[Black "Rizo Wellmann, Darja"]
[Result "0-1"]
[Termination "normal"]
[Board "43"]
[WhiteElo "875"]
[BlackElo "956"]
[PlyCount "56"]
[WhiteFideId "12977586"]
[BlackFideId "16218361"]
[EventCountry "GER"]
[EventRounds "11"]
[EventType "swiss"]
[EventDate "2013.05.18"]

1. e4 c5 2. d4 cxd4 3. Qxd4 Nc6 4. Qd1 d6 5. Nc3 g6 6. g4 Bg7 7. Bd2 Nf6 8. f3
O-O 9. Bb5 Bd7 10. Be3 Ne5 11. Bxd7 Qxd7 12. h3 Rfd8 13. Qe2 d5 14. O-O-O Qc6
15. Bd4 Nc4 16. Bxf6 Bxf6 17. exd5 Nxb2 18. Kxb2 Qxc3+ 19. Kc1 Qb2+ 20. Kd2
Rxd5+ 21. Ke1 Rxd1+ 22. Qxd1 Rc8 23. Kd2 Rd8+ 24. Ke2 Qb5+ 25. Ke1 Bc3+ 26. Kf2
Rxd1 27. Kg3 Be5+ 28. Kh4 Bf4 0-1

[Event "DEM U10/U10w 2013"]
[Site "Oberhof GER"]
[Date "2013.05.25"]
[Round "11"]
[White "Gabriel, Benjamin"]
[Black "Richter, Merlin"]
[Result "0-1"]
[Termination "normal"]
[Board "44"]
[WhiteElo "920"]
[BlackElo "791"]
[PlyCount "154"]
[WhiteFideId "16226887"]
[EventCountry "GER"]
[EventRounds "11"]
[EventType "swiss"]
[EventDate "2013.05.18"]

1. d4 d5 2. e3 e6 3. c4 Nf6 4. Nf3 Bb4+ 5. Nc3 c5 6. a3 Bxc3+ 7. bxc3 Qa5 8.
Bb2 O-O 9. Be2 b6 10. O-O Ba6 11. cxd5 Bxe2 12. Qxe2 Nxd5 13. Rfc1 Nc6 14. c4
Nf6 15. h3 Rad8 16. Rd1 h6 17. dxc5 Qxc5 18. Bxf6 gxf6 19. a4 Qb4 20. Rxd8 Rxd8
21. Nh2 Na5 22. Ng4 Kg7 23. Qf3 Qc3 24. Rf1 Nxc4 25. Qb7 Qa5 26. Ra1 Qc3 27.
Ra2 Qe1+ 28. Kh2 f5 29. Nxh6 Kxh6 30. Qxa7 Qb1 31. Qc7 Qxa2 32. Qxd8 Qd2 33.
Qxd2 Nxd2 34. Kg1 Nc4 35. Kf1 Nb2 36. Ke1 Nxa4 37. Kd2 Nc5 38. Kc3 Nd7 39. g3
Kg5 40. Kb4 e5 41. Kb5 f4 42. Kc6 fxe3 43. fxe3 f5 44. Kd5 f4 45. gxf4+ exf4
46. exf4+ Kxf4 47. Kd4 Kg3 48. Kc3 Kxh3 49. Kb3 Kg4 50. Kb4 Kf5 51. Kb5 Ke5 52.
Kc4 Kd6 53. Kb4 Kc6 54. Kc4 b5+ 55. Kb4 Kb6 56. Kb3 Ka5 57. Ka3 b4+ 58. Kb3
Nc5+ 59. Kb2 b3 60. Kb1 Ka4 61. Kb2 Ne6 62. Kb1 Ka3 63. Ka1 b2+ 64. Kb1 Ng7 65.
Kc2 Ka2 66. Kd3 b1=Q+ 67. Kd4 Qb5 68. Ke4 Qc5 69. Kf3 Qd4 70. Kg3 Qe4 71. Kh3
Qf4 72. Kg2 Qe3 73. Kf1 Qd2 74. Kg1 Qe2 75. Kh1 Nf5 76. Kg1 Ne3 77. Kh1 Qg2#
0-1

[Event "DEM U10/U10w 2013"]
[Site "Oberhof GER"]
[Date "2013.05.25"]
[Round "11"]
[White "Svane, Freja"]
[Black "Straßburg, Robin"]
[Result "1-0"]
[Termination "normal"]
[Board "45"]
[WhiteElo "867"]
[BlackElo "911"]
[PlyCount "55"]
[WhiteFideId "12940100"]
[BlackFideId "16210018"]
[EventCountry "GER"]
[EventRounds "11"]
[EventType "swiss"]
[EventDate "2013.05.18"]

1. e4 e5 2. Nf3 Nc6 3. Bb5 d6 4. d4 exd4 5. Nxd4 Bd7 6. Nc3 a6 7. Ba4 Be7 8.
O-O Nf6 9. Nce2 Nxe4 10. Nf4 Nf6 11. Re1 O-O 12. Bxc6 bxc6 13. Bd2 Re8 14. Qf3
c5 15. Nc6 Bxc6 16. Qxc6 Qd7 17. Qxd7 Nxd7 18. Nd5 Ra7 19. Nxe7+ Kf8 20. Nc6
Rxe1+ 21. Rxe1 Rb7 22. Bc3 f6 23. Re7 Nb8 24. Rf7+ Kg8 25. Nd8 Rb5 26. Rxc7 c4
27. Re7 Rd5 28. Re8# 1-0